00342 a2200133 450000100060000002000060000604000220001210000310003424000380006524500330010330000080013636200090014465000550015361569 a  cAnchieta - Pituba aRocha, Zélia Maria M. de10aManual de fisiologia vegetallpor10aManual de fisiologia vegetal a1560 a1983 4aBIOLOGIA, CIÊNICAS DA VIDA (CIÊNCIAS NATURAIS)